000 00799nam a2200241Ia 4500
003 OSt
005 20220923212913.0
006 a|||||r|||| 00| 0
007 ta
008 220922b |||||||| |||| 00| 0 hin d
024 _a156,757
037 _cTextual
040 _aARTS
_cARTS
_bhin
041 _2hin
_ahin
082 _aO152:gxNDI:g, M9
100 _aराय, त्रिभुवन, संपा.
245 0 _aआनन्द प्रकाश दीक्षित
_b व्यक्ति और दृष्टि
246 _aĀnanda prakāsh dīkṣhita: vyakti aur dṛuṣhṭi
260 _c1986
300 _a178 पृ.
_ccm.
942 _hO152:gxNDI:g, M9
_cTEXL
_2CC
999 _c312013
_d312013